L'Empire Libéral Études, Récits, Souvenirs Tome IV.

Bibliographic Details
Main Author: Ollivier, Émile, 1825-1913 (Author)
Corporate Author: Garnier Fréres (Paríž, Francúzsko) (Printer)
Format: Book
Language:French
PhysicalDescription:616, 36 strán 19 cm‬
Subjects:

MARC

LEADER 00000nam a2200000 4500
001 vtls012280337
003 SK-MaSNL
005 20260301110258.0
008 250725t1899 fr r 00| 0 fre
015 |a SNBHFA1899 
040 |a SNKHF  |b slo  |c SNK  |e rda 
041 |a fre 
044 |a fr  |c FR 
072 7 |a 82  |x Literatúra. Literárny život  |2 konspekt 
080 |a 82:93/94  |2 2011 
100 1 |a Ollivier, Émile,  |d 1825-1913  |4 aut  |9 448013 
245 1 0 |a L'Empire Libéral  |b Études, Récits, Souvenirs  |n Tome IV. 
264 3 |a Paris  |b Garnier Fréres, Libraires-Éditeurs 6, Rue Des Saints-Pères  |c 1899 
300 |a 616, 36 strán  |c 19 cm‬ 
336 |a text  |b txt  |2 rdacontent 
337 |a bez média  |b n  |2 rdamedia 
338 |a zväzok  |b nc  |2 rdacarier 
500 |a Ozdobné linky, kustódy 
504 |a Tlačené vysvetlivky a komentáre pod textom 
563 |a Väzba pôvodná, papierová.  |5 SNK ID 102246/4 
650 0 7 |a literatúra a dejiny  |2 SNKPH  |9 94209 
710 1 |a Garnier Fréres (Paríž, Francúzsko)  |4 prt  |9 313481 
752 |a Francúzsko  |d Paríž 
852 |a snk  |b Aponiovská knižnica  |p ID 102246/4 
958 |a ONDV 
958 |a DF 
999 |c 702829  |d 704759 
952 |t Op. XXXI/83  |a SNK  |b SNK  |c SNK_HF  |y PREZ  |7 0  |p 17A1488425  |o snkID 102246/4  |i snk2025/12111  |8 5  |0 0  |1 0  |4 0  |d 2025-07-25  |l 0  |r 2026-02-23 21:04:32  |w 2026-02-23